| 000 | 01544cam a22004334a 4500 | ||
|---|---|---|---|
| 999 |
_c87 _d87 |
||
| 001 | 14291134 | ||
| 003 | OSt | ||
| 005 | 20200310112345.0 | ||
| 008 | 060306s2007 paua 001 0 eng | ||
| 010 | _a 2006007111 | ||
| 016 | 7 |
_a013455939 _2Uk |
|
| 020 | _a1405105119 (alk. paper) | ||
| 020 | _a9781405105118 (alk. paper) | ||
| 040 |
_aKAB LIB _cKABLIB |
||
| 042 | _apcc | ||
| 043 | _an-us--- | ||
| 050 | 1 | 0 |
_aRM301.14 _b.A935 2007 |
| 060 | 0 | 0 | _a2006 I-741 |
| 060 | 1 | 0 |
_aQV 18.2 _bA973p 2007 |
| 082 | 0 | 0 |
_a615/.1 _222 |
| 100 | 1 |
_aAyala, Carlos, _cMD. _9307 |
|
| 245 | 1 | 0 |
_aPharmacology for the boards and wards / _cCarlos Ayala, Brad Spellberg ; with Louis J. Ignarro. |
| 250 | _a2nd ed.: | ||
| 260 |
_aPhiladelphia : _bLippincott Williams & Wilkins, _cc2007. |
||
| 300 |
_axv, 286 p. : _b(B&W)ill. ; _c21 cm. |
||
| 500 | _aIncludes :index (P.259-286) | ||
| 650 | 0 |
_aPharmacology _9308 |
|
| 650 | 0 |
_aPhysicians _xLicenses _zUnited States _xExaminations _vStudy guides. _9309 |
|
| 650 | 1 | 2 |
_aPharmaceutical Preparations _vExamination Questions. _9310 |
| 650 | 1 | 2 |
_aPharmaceutical Preparations _vOutlines. _9311 |
| 650 | 2 | 2 |
_aPharmacology _vExamination Questions. _9312 |
| 650 | 2 | 2 |
_aPharmacology _vOutlines. _9313 |
| 700 | 1 |
_aSpellberg, Brad. _9314 |
|
| 700 | 1 |
_aIgnarro, Louis J. _9315 |
|
| 856 | 4 | 1 | _uhttp://www.loc.gov/catdir/toc/ecip069/2006007111.html |
| 856 | 4 | 2 |
_3Publisher description _uhttp://www.loc.gov/catdir/enhancements/fy0714/2006007111-d.html |
| 906 |
_a7 _bcbc _corignew _d1 _eecip _f20 _gy-gencatlg |
||
| 942 |
_2ddc _cBOOK |
||